| 000 | 00803nam a22002417a 4500 | ||
|---|---|---|---|
| 999 |
_c10833 _d10833 |
||
| 003 | AR-CdUCM | ||
| 008 | 190402b ||||| |||| 00| 0 spa d | ||
| 040 |
_aMUNICIPALIDAD PROVINCIAL DEL CUSCO _cBIBLIOTECA MUNICIPAL DEL CUSCO |
||
| 041 | _hfre | ||
| 082 |
_a848.79 / _bB338F / 1943 |
||
| 100 |
_aBaudelaire, Carlos _927876 |
||
| 245 | _aLas flores del mal / | ||
| 260 |
_aLa Plata : _bCalomino, _c1948. |
||
| 300 |
_a199 páginas ; _c18 cm. |
||
| 500 | _aDonación de la familia Nieto. Libro dañado, sin tapa posterior. | ||
| 505 | _aContenido: Spleen e ideal -- Cuadro de la ciudad de Paris -- El vino ... | ||
| 650 |
_aPoesías _92272 |
||
| 650 |
_aPoeta francés _927877 |
||
| 650 |
_aSiglo XX _917062 |
||
| 650 |
_aLiteratura Latinoamericana _9799 |
||
| 942 |
_2ddc _cLIBROS |
||
| 945 | _acmm | ||